| 000 | 00345 a2200109 4500 | ||
|---|---|---|---|
| 001 | ART_43311 | ||
| 005 | 20260410161708.0 | ||
| 008 | 260409a | ||
| 245 | 1 | 0 | _aReintegro del IVA a los servicios de alojamiento a los turistas extranjeros |
| 100 | 1 | _aSerra, Marcelo | |
| 773 | 0 |
_tRevista Impuestos _g- NÂș 4 (abr. 2017) _wREV639 |
|
| 999 |
_c15859 _d15859 |
||